| 000 -LEADER |
| fixed length control field |
00846nam a22001937a 4500 |
| 003 - CONTROL NUMBER IDENTIFIER |
| control field |
OSt |
| 005 - DATE AND TIME OF LATEST TRANSACTION |
| control field |
20260122194911.0 |
| 008 - FIXED-LENGTH DATA ELEMENTS--GENERAL INFORMATION |
| fixed length control field |
230317b ||||| |||| 00| 0 eng d |
| 040 ## - CATALOGING SOURCE |
| Transcribing agency |
Ost |
| 041 ## - LANGUAGE CODE |
| Language code of text/sound track or separate title |
Shan |
| 082 ## - DEWEY DECIMAL CLASSIFICATION NUMBER |
| Classification number |
959.195919 |
| 245 ## - TITLE STATEMENT |
| Title |
ပိုၼ်းတႆးႁွဝ်တီး။ |
| Statement of responsibility, etc. |
ၵေႃပွင်ၵၢၼ်ပပ်ႉႁဵၼ်းၶွမ်ႇမတီႇပၢႆးပၼ်ႇၺႃႇၸိုင်ႈတႆး |
| 300 ## - PHYSICAL DESCRIPTION |
| Extent |
194 ၼႃႈ |
| Other physical details |
ႁၢင်ႈ၊ ႁၢင်ႈၽႅၼ်ႇလိၼ် |
| Dimensions |
21 ၸိၼ်ႇထီႇ |
| 500 ## - GENERAL NOTE |
| General note |
S-SAT: Dr. Prof Sai Aung Tun |
|
| General note |
ပပ်ႉၸဝ်ႈတႃႇၼႁင်းၶေႃ တွၵ်ႉတိူဝ်ႉၸၢႆးဢွင်ႇထုၼ်း |
| 650 ## - SUBJECT ADDED ENTRY--TOPICAL TERM |
| Topical term or geographic name entry element |
ပိုၼ်းတႆး |
| 942 ## - ADDED ENTRY ELEMENTS (KOHA) |
| Koha item type |
Books (Long term) |
| 650 ## - SUBJECT ADDED ENTRY--TOPICAL TERM |
| 9 (RLIN) |
20580 |
|
| Source of classification or shelving scheme |
|